Skinner /

Uloženo v:
Podrobná bibliografie
Hlavní autor: Parker, F. M.
Médium: Kniha
Jazyk:English
Vydáno: London : Hale, 1981.
LEADER 00819nam a2200241 i 4500
001 c000076488
003 CARM
005 00000000000000.0
008 820105s1981 enk 00011 eng d
015 |a B8140531 
019 1 |a 2204083  |5 LACONCORD2021 
020 |a 0709195222 :  |c L.4.95 
035 |a (OCoLC)16547315  |5 LACONCORD2021 
100 1 |a Parker, F. M. 
245 1 0 |a Skinner /  |c by F.M. Parker. 
260 |a London :  |b Hale,  |c 1981. 
300 |a 182 p. ;  |c 20cm. 
500 |a Fiction in English,. 1945- - Texts (BNB/PRECIS) 
852 8 |b CARM  |h A2:AG34G0  |i A01429  |p 0128226  |f BK 
082 0 4 |a 823/.9/1  |2 18 
082 0 4 |a 823/.914  |2 19 
999 f f |i 9f8b5c77-3147-5d1d-91b8-d2a8f5c4957f  |s a3bb51b1-dc92-5357-ac0a-a0a74cf26d38 
952 f f |p Can circulate  |a CAVAL  |b CAVAL  |c CAVAL  |d CARM 1 Store  |e A01429  |f A2:AG34G0  |h Other scheme  |i book  |m 0128226